|
|
|
|
| LEADER |
00986nam a22002657a 4500 |
| 001 |
37773 |
| 003 |
BD-DhAAL |
| 005 |
20220220142821.0 |
| 008 |
220220r20041990ii ||||| |||| 00| 0 eng d |
| 999 |
|
|
|c 43538
|d 43538
|
| 020 |
|
|
|a 812070102X
|
| 020 |
|
|
|a 9788120701021
|
| 040 |
|
|
|a BD-DhAAL
|
| 082 |
|
|
|a 370.1
|2 23
|
| 100 |
|
|
|a Taneja, Vidya Ratna
|9 45914
|
| 245 |
|
|
|a Educational thought and practice /
|c Vidya Ratna Taneja
|
| 260 |
|
|
|a New Delhi :
|b Sterling Pub.,
|c 1990 [Reprint 2004]
|
| 300 |
|
|
|a 351 pages ;
|c 21 cm.
|
| 541 |
|
|
|a Complimentary copy from BIED
|e 37773
|
| 650 |
|
|
|a Education
|x Philosophy.
|9 45915
|
| 650 |
|
|
|a Education
|z India
|x Philosophy.
|9 45916
|
| 650 |
|
|
|a Education.
|9 45917
|
| 852 |
|
|
|a Ayesha Abed Library
|c BIED Collection
|
| 942 |
|
|
|2 ddc
|c BK
|
| 952 |
|
|
|0 0
|1 0
|2 ddc
|4 0
|6 370_100000000000000_TAN
|7 0
|9 69840
|a BRACUL
|b BRACUL
|c GEN
|d 2022-02-20
|e Complimentary copy from BIED
|l 0
|o 370.1 TAN
|p 3010037773
|r 2022-02-20
|t 1
|w 2022-02-20
|y BK
|x Transferred from BIED to General Stacks
|